| 000 | 00581nam a22001937a 4500 | ||
|---|---|---|---|
| 003 | 3228 | ||
| 005 | 20260527171148.0 | ||
| 008 | 260513b sa ||||| |||| 00| 0 eng d | ||
| 020 | _qhbk | ||
| 040 |
_aRDA _c3228 |
||
| 041 | _2E | ||
| 082 | 0 | _a266.68 WISS | |
| 100 | _aWisse, Professor G | ||
| 245 | _aChrist's ministry in the Christian: the administration of his offices in the believer | ||
| 260 |
_aNetherlands _bFree Reformed Publications _c1993 |
||
| 300 |
_axvi, 123 Pages _c23 cm |
||
| 521 | _aAdults | ||
| 942 |
_2ddc _cBOOK _w470 _xPatience Mbowane _y470 _zPatience Mbowane |
||
| 999 |
_c799021 _d799020 |
||